[Event "ch-city"]
[Site "Milanowek"]
[Date "2013.06.28"]
[Round "5.12"]
[White "Moscicki, Slawomir"]
[Black "Chylewski, Patryk"]
[Result "0-1"]
[WhiteElo "1388"]
[BlackElo "1740"]
[Annotator "Admin"]
[PlyCount "116"]
[EventDate "2013.??.??"]
[EventType "swiss"]
[EventCountry "POL"]

1. e4 c5 2. Nf3 d6 3. d4 cxd4 4. Nxd4 Nf6 5. Nc3 a6 6. Bg5 Nbd7 7. f4 Qc7 8.
Qf3 e6 9. Bxf6 Nxf6 10. g4 b5 11. a3 Bb7 12. g5 Nd7 13. h4 Nb6 14. O-O-O Nc4
15. Bxc4 Qxc4 16. Nde2 Rc8 17. f5 a5 18. Rd4 Qc5 19. fxe6 fxe6 20. Rf1 Rc7 21.
Qd3 b4 22. axb4 axb4 23. Qb5+ Rd7 24. Qxb4 Qe5 25. Qb5 Qh2 26. Rf7 Be7 27. g6
hxg6 28. Rxg7 Qxh4 29. Rxg6 Qh1+ 30. Rd1 Qh3 31. Nf4 Qe3+ 32. Kb1 Qxf4 33. Rxe6
Rh6 34. Rdxd6 Qxd6 35. Rxd6 Rhxd6 36. Qh5+ Kf8 37. e5 Rc6 38. Qf5+ Ke8 39. e6
Rdd6 40. Qf7+ Kd8 41. Qg8+ Kc7 42. Qe8 Rxe6 43. Nd5+ Kd6 44. Qb8+ Kxd5 45. Qxb7
Ke5 46. Qb5+ Kf6 47. Qf1+ Kg7 48. Qg1+ Kf7 49. c3 Bf6 50. Qa7+ Re7 51. Qf2 Rb7
52. Kc2 Rcb6 53. Qf3 Rxb2+ 54. Kd3 Rd7+ 55. Kc4 Rc7+ 56. Kd5 $11 Rb5+ 57. Ke4
Rc4+ 58. Kd3 Rxc3+ 0-1

[Event "ch-city"]
[Site "Milanowek"]
[Date "2013.06.29"]
[Round "6.1"]
[White "Kasperkiewicz, Pawel"]
[Black "Strzemiecki, Zbigniew"]
[Result "0-1"]
[WhiteElo "2103"]
[BlackElo "2431"]
[PlyCount "78"]
[EventDate "2013.??.??"]
[EventType "swiss"]
[EventCountry "POL"]

1. e4 e6 2. d4 d5 3. Nc3 Bb4 4. e5 Ne7 5. Bd2 O-O 6. Bd3 f5 7. Nf3 b6 8. Ne2
Bxd2+ 9. Qxd2 c5 10. Nf4 h6 11. h4 Qd7 12. O-O Ba6 13. Bxa6 Nxa6 14. c3 Rac8
15. Rfd1 cxd4 16. cxd4 Rc6 17. Rac1 Rfc8 18. Rxc6 Qxc6 19. Ne2 Qb5 20. Rc1
Rxc1+ 21. Nxc1 Nb4 22. a3 Nbc6 23. b3 Kf7 24. Qc3 Qa5 25. Qxa5 Nxa5 26. g3 Kg6
27. Nd2 f4 28. g4 Nec6 29. Nd3 Nxd4 30. Nxf4+ Kf7 31. b4 Nc4 32. Nxc4 dxc4 33.
Kf1 Nf3 34. Ke2 Nxh4 35. Ke3 Ng6 36. Nxg6 Kxg6 37. f4 h5 38. f5+ exf5 39. gxh5+
Kf7 0-1

[Event "ch-city"]
[Site "Milanowek"]
[Date "2013.06.29"]
[Round "6.2"]
[White "Jakovljev, Zoran"]
[Black "Praczukowski, Stanislaw"]
[Result "1-0"]
[WhiteElo "2280"]
[BlackElo "1838"]
[PlyCount "59"]
[EventDate "2013.??.??"]
[EventType "swiss"]
[EventCountry "POL"]

1. e4 c5 2. Nf3 d6 3. Bb5+ Bd7 4. Bxd7+ Qxd7 5. O-O Nc6 6. c3 Nf6 7. d4 Nxe4 8.
d5 Ne5 9. Re1 Nf6 10. Nxe5 dxe5 11. Rxe5 e6 12. c4 O-O-O 13. Nc3 Bd6 14. Re1
exd5 15. cxd5 Qf5 16. h3 Kb8 17. g4 Qc8 18. Qf3 h5 19. g5 Ng4 20. hxg4 hxg4 21.
Qxf7 g3 22. Qe6 gxf2+ 23. Kxf2 Rdf8+ 24. Kg1 Qc7 25. Ne4 Re8 26. Qg4 Bh2+ 27.
Kg2 Qe5 28. Nf6 Qd6 29. Nxe8 Qxd5+ 30. Qf3 1-0

[Event "ch-city"]
[Site "Milanowek"]
[Date "2013.06.29"]
[Round "6.3"]
[White "Liberadzki, Slawomir"]
[Black "Sujkowski, Pawel"]
[Result "1/2-1/2"]
[WhiteElo "2078"]
[BlackElo "1957"]
[Annotator "Admin"]
[PlyCount "33"]
[EventDate "2013.??.??"]
[EventType "swiss"]
[EventCountry "POL"]

1. c4 c5 2. Nc3 Nc6 3. g3 g6 4. Bg2 Bg7 5. e4 d6 6. Nge2 Bg4 7. f3 Be6 8. d3
Nf6 9. O-O O-O 10. Be3 Rb8 11. Qd2 a6 12. Bh6 b5 13. Bxg7 Kxg7 14. f4 Bd7 15.
Nd5 e6 16. Ne3 Qa5 17. Nc3 $11 1/2-1/2

[Event "ch-city"]
[Site "Milanowek"]
[Date "2013.06.29"]
[Round "6.4"]
[White "Szefer, Michal"]
[Black "Wojtaszewski, Piotr"]
[Result "0-1"]
[WhiteElo "1992"]
[BlackElo "2018"]
[PlyCount "56"]
[EventDate "2013.??.??"]
[EventType "swiss"]
[EventCountry "POL"]

1. e4 e5 2. Nf3 Nc6 3. d4 exd4 4. Bc4 d6 5. Nxd4 Nf6 6. Nc3 Be7 7. Nxc6 bxc6 8.
Qd3 Nd7 9. Bf4 Nc5 10. Qg3 Be6 11. Bxe6 Nxe6 12. e5 d5 13. O-O O-O 14. Rad1 Bh4
15. Qg4 h5 16. Qf3 Bg5 17. Bxg5 Qxg5 18. Qg3 Qf5 19. Rd3 Rab8 20. Nd1 Nf4 21.
Re3 Rb4 22. c3 Re4 23. Rfe1 Re8 24. Rxe4 dxe4 25. Qe3 Rxe5 26. Qxa7 Nxg2 27.
Kxg2 Qf3+ 28. Kf1 Qh3+ 0-1

[Event "ch-city"]
[Site "Milanowek"]
[Date "2013.06.29"]
[Round "6.5"]
[White "Herman, Monika"]
[Black "Bitowt, Jacek"]
[Result "0-1"]
[WhiteElo "1665"]
[BlackElo "1858"]
[PlyCount "52"]
[EventDate "2013.??.??"]
[EventType "swiss"]
[EventCountry "POL"]

1. e4 e5 2. Nf3 Nc6 3. Bc4 Nf6 4. O-O Be7 5. d3 d6 6. h3 O-O 7. Nc3 Na5 8. Bb3
Nxb3 9. axb3 h6 10. Be3 a6 11. Nh2 d5 12. exd5 Nxd5 13. Nxd5 Qxd5 14. Qf3 Qd6
15. Ra5 c6 16. Qg3 b5 17. f4 exf4 18. Bxf4 Qg6 19. Qf3 Be6 20. Rfa1 Rfe8 21.
Rxa6 Rxa6 22. Rxa6 Bc5+ 23. Kh1 Bd5 24. Qg3 Re1+ 25. Nf1 Rxf1+ 26. Kh2 Bg1+ 0-1

[Event "ch-city"]
[Site "Milanowek"]
[Date "2013.06.29"]
[Round "6.6"]
[White "Lasota, Adam"]
[Black "Chylewski, Patryk"]
[Result "1-0"]
[WhiteElo "1893"]
[BlackElo "1740"]
[PlyCount "119"]
[EventDate "2013.??.??"]
[EventType "swiss"]
[EventCountry "POL"]

1. d4 Nf6 2. Bf4 e6 3. e3 b6 4. Nf3 Bb7 5. Bd3 c5 6. c3 d5 7. O-O Nc6 8. Nbd2
Rc8 9. Ne5 Bd6 10. Ndf3 O-O 11. Nxc6 Bxc6 12. Ne5 Bb7 13. Bg3 Qc7 14. f4 Nd7
15. Qh5 Nf6 16. Qh3 Ne4 17. Nf3 Qe7 18. Bh4 Qc7 19. Be1 Qd7 20. Ng5 h6 21. Nf3
c4 22. Bc2 b5 23. g4 f5 24. Kh1 a5 25. a3 b4 26. axb4 axb4 27. Rg1 fxg4 28.
Rxg4 Kh8 29. Nh4 Rf6 30. Bxe4 dxe4 31. cxb4 Bd5 32. Qg2 Rb8 33. Ng6+ Kh7 34.
Ne5 Qc7 35. Bh4 Rff8 36. Rg1 Rb7 37. Rg6 Bxe5 38. Rxh6+ Kg8 39. fxe5 Rf3 40.
Qg6 Qf7 41. Qg5 Rd7 42. Rg6 Rf1 43. Rxg7+ Qxg7 44. Qxg7+ Rxg7 45. Rxf1 Rb7 46.
Be1 Rf7 47. Rxf7 Kxf7 48. Kg2 Bc6 49. Kg3 Kg6 50. Kg4 Ba4 51. Bh4 Be8 52. Bg5
Bc6 53. h4 Bd7 54. h5+ Kf7 55. Bf6 Bc6 56. Kg5 Kf8 57. Bd8 Kf7 58. h6 Bd5 59.
b5 Bb7 60. Bf6 1-0

[Event "ch-city"]
[Site "Milanowek"]
[Date "2013.06.29"]
[Round "6.8"]
[White "Kowalczyk, Waldemar"]
[Black "Kowalik, Pawel"]
[Result "1/2-1/2"]
[WhiteElo "1760"]
[BlackElo "1655"]
[PlyCount "138"]
[EventDate "2013.??.??"]
[EventType "swiss"]
[EventCountry "POL"]

1. d4 Nf6 2. c4 e6 3. Nf3 d5 4. Nc3 c5 5. e3 Be7 6. Bd3 O-O 7. O-O Nc6 8. Qe2
cxd4 9. exd4 dxc4 10. Bxc4 Nxd4 11. Nxd4 Qxd4 12. Be3 Qe5 13. f4 Qh5 14. Qxh5
Nxh5 15. g4 Nf6 16. Be2 Bd7 17. g5 Nd5 18. Nxd5 exd5 19. Rad1 Bc6 20. Bd4 Bd6
21. Bd3 b6 22. Rc1 Bd7 23. Kg2 Rac8 24. Rxc8 Bxc8 25. h4 Bc5 26. Bc3 Bb7 27.
Bd2 f5 28. Re1 g6 29. Kg3 Kf7 30. h5 Bd4 31. Bb4 Re8 32. Rxe8 Kxe8 33. Bb5+ Kf7
34. hxg6+ hxg6 35. b3 a6 36. Bd3 a5 37. Bd2 Bc6 38. Kf3 Ke6 39. Ke2 Kd6 40. Kd1
Kc5 41. Ba6 Bd7 42. Bb7 Bg7 43. Be3+ d4 44. Bd2 Bc6 45. Bc8 Kd5 46. Ba6 a4 47.
Bc4+ Ke4 48. Bf7 axb3 49. axb3 Bd5 50. Bxg6 Bxb3+ 51. Ke1 Bf8 52. Be8 Bd5 53.
Bg6 Be6 54. Ke2 b5 55. Kd1 Bd6 56. Be8 Bg8 57. g6 Bf8 58. Bxb5 Kd5 59. Bd3 Be6
60. Kc2 Kc6 61. Ba5 Bh6 62. Bd2 Kd7 63. Bb5+ Ke7 64. Kd3 Bg7 65. Bb4+ Kd8 66.
Bd6 Bd7 67. Bc4 Be8 68. Bf7 Bb5+ 69. Bc4 Be8 1/2-1/2

[Event "ch-city"]
[Site "Milanowek"]
[Date "2013.06.29"]
[Round "6.9"]
[White "Wierzgala, Krzysztof"]
[Black "Tomczyk, Ryszard"]
[Result "1/2-1/2"]
[WhiteElo "1756"]
[BlackElo "1488"]
[PlyCount "106"]
[EventDate "2013.??.??"]
[EventType "swiss"]
[EventCountry "POL"]

1. d4 Nf6 2. c4 c6 3. Nc3 d5 4. Bf4 g6 5. Nf3 Bg7 6. e3 O-O 7. Bd3 Nh5 8. Bg3
Bg4 9. O-O Nxg3 10. hxg3 Bf6 11. cxd5 cxd5 12. Qb3 Bxf3 13. gxf3 e6 14. Qxb7
Nd7 15. Bb5 Nb6 16. Qa6 Qc8 17. Rfc1 Nc4 18. Bxc4 dxc4 19. Qxc8 Rfxc8 20. Rc2
Rc6 21. Rac1 Rb8 22. a3 a5 23. Na4 Be7 24. Rxc4 Ra6 25. Rc8+ Rxc8 26. Rxc8+ Kg7
27. Kf1 Ra7 28. Ke2 Rb7 29. Rc6 Bd8 30. Kd2 Rd7 31. f4 Kf8 32. Kc3 Rb7 33. Nc5
Ra7 34. b3 Ke7 35. Kc4 h5 36. b4 axb4 37. Kxb4 Ba5+ 38. Kb3 Be1 39. Nd3 Rb7+
40. Kc2 Ba5 41. Rc4 Kd6 42. Nc5 Rb6 43. Nd3 f6 44. Nb4 Kd7 45. Kb3 Kd6 46. Rc5
Bxb4 47. axb4 Ra6 48. b5 Ra1 49. Kb2 Ra8 50. b6 Rb8 51. Rb5 Kc6 52. Rc5+ Kd6
53. Rb5 Kc6 1/2-1/2

[Event "ch-city"]
[Site "Milanowek"]
[Date "2013.06.29"]
[Round "6.12"]
[White "Kucharski, Jacek"]
[Black "Moscicka, Pola"]
[Result "0-1"]
[WhiteElo "1371"]
[BlackElo "1487"]
[PlyCount "100"]
[EventDate "2013.??.??"]
[EventType "swiss"]
[EventCountry "POL"]

1. d4 Nf6 2. c4 c5 3. d5 b5 4. Nf3 d6 5. b3 bxc4 6. bxc4 g6 7. Bb2 Bg7 8. e3
O-O 9. Bd3 Ba6 10. Nbd2 Nbd7 11. O-O Nxd5 12. Bxg7 Kxg7 13. Be4 Nc3 14. Qc2
Nxe4 15. Nxe4 Nb6 16. Qc3+ Kg8 17. Rfd1 Qc7 18. Ned2 Rab8 19. Qa5 Bb7 20. Rab1
Bxf3 21. Nxf3 Nd5 22. Qd2 Rxb1 23. Rxb1 Nb4 24. a3 Nc6 25. Qc2 Rb8 26. Nd2
Rxb1+ 27. Qxb1 Qb6 28. Qb5 Qa5 29. Qxc6 Qxd2 30. Qe8+ Kg7 31. g3 Qc1+ 32. Kg2
Qxa3 33. Qxe7 Qd3 34. Qxa7 Qxc4 35. Qa1+ Kh6 36. Qf6 Qd5+ 37. Qf3 Qxf3+ 38.
Kxf3 Kg5 39. h3 Kf5 40. e4+ Ke5 41. Ke3 g5 42. f3 f5 43. f4+ gxf4+ 44. gxf4+
Ke6 45. Kd3 fxe4+ 46. Kxe4 d5+ 47. Kf3 Kf5 48. Ke3 d4+ 49. Kf3 c4 50. h4 h5 0-1

[Event "ch-city"]
[Site "Milanowek"]
[Date "2013.06.29"]
[Round "6.13"]
[White "Kanach, Jerzy"]
[Black "Moscicki, Slawomir"]
[Result "0-1"]
[WhiteElo "1490"]
[BlackElo "1388"]
[PlyCount "90"]
[EventDate "2013.??.??"]
[EventType "swiss"]
[EventCountry "POL"]

1. e4 d6 2. d4 Nf6 3. Nc3 e5 4. d5 Be7 5. Be2 O-O 6. Nf3 c6 7. b3 a6 8. Bb2 b5
9. a3 cxd5 10. Nxd5 Nxe4 11. O-O Bb7 12. Rc1 Ng5 13. Qd2 Nxf3+ 14. Bxf3 Bg5 15.
Qe2 Bxc1 16. Rxc1 Bxd5 17. Bxd5 Ra7 18. Rd1 Nd7 19. Bc1 Nf6 20. c4 Nxd5 21.
Rxd5 bxc4 22. bxc4 Rc7 23. h3 f6 24. Be3 Rc6 25. c5 Qb8 26. Qa2 Kh8 27. g4 Rd8
28. Qd2 h6 29. Qd3 Re8 30. cxd6 e4 31. Qd4 Re5 32. d7 Rxd5 33. Qxe4 Rc1+ 34.
Bxc1 Rxd7 35. Bf4 Qc8 36. Kg2 Qb7 37. f3 Qxe4 38. fxe4 Rd3 39. e5 fxe5 40. Bxe5
Rxa3 41. h4 Kh7 42. h5 a5 43. Kf2 a4 44. Bf4 Rb3 45. Ke2 a3 0-1

[Event "ch-city"]
[Site "Milanowek"]
[Date "2013.06.30"]
[Round "7.1"]
[White "Strzemiecki, Zbigniew"]
[Black "Jakovljev, Zoran"]
[Result "1/2-1/2"]
[WhiteElo "2431"]
[BlackElo "2280"]
[Annotator "Admin"]
[PlyCount "31"]
[EventDate "2013.??.??"]
[EventType "swiss"]
[EventCountry "POL"]

1. e4 c5 2. Nf3 Nc6 3. Bb5 e6 4. Bxc6 bxc6 5. d3 d5 6. e5 Ne7 7. O-O Ng6 8. c4
Be7 9. Nc3 O-O 10. Na4 f6 11. exf6 gxf6 12. Be3 d4 13. Bh6 Rf7 14. Nd2 f5 15.
f4 Bd6 16. Nb3 $11 1/2-1/2

[Event "ch-city"]
[Site "Milanowek"]
[Date "2013.06.30"]
[Round "7.2"]
[White "Wojtaszewski, Piotr"]
[Black "Bitowt, Jacek"]
[Result "1-0"]
[WhiteElo "2018"]
[BlackElo "1858"]
[PlyCount "167"]
[EventDate "2013.??.??"]
[EventType "swiss"]
[EventCountry "POL"]

1. e4 e5 2. Nc3 Nc6 3. Bc4 Nf6 4. d3 Be7 5. Be3 d6 6. f3 Na5 7. Bb3 Nxb3 8.
axb3 b6 9. Nge2 c5 10. Qd2 d5 11. exd5 Nxd5 12. Nxd5 Qxd5 13. O-O-O O-O 14. f4
f6 15. Rhg1 a5 16. Nc3 Qd8 17. g4 Be6 18. g5 exf4 19. Bxf4 fxg5 20. Bxg5 Bxg5
21. Rxg5 Qd7 22. Rdg1 Rf7 23. Qg2 Raf8 24. Ne4 g6 25. Rg3 Bd5 26. Re3 a4 27.
bxa4 Qxa4 28. Nf6+ Rxf6 29. Qxd5+ R6f7 30. Kd2 Qb4+ 31. Kc1 Qa4 32. Rge1 Qa1+
33. Kd2 Qxb2 34. Re4 Kg7 35. R1e2 Rf1 36. Qe5+ Qxe5 37. Rxe5 R1f2 38. Re7+ R8f7
39. R7e6 Rxe2+ 40. Kxe2 Rf6 41. Re8 g5 42. c3 Kg6 43. d4 Rd6 44. Ke3 Kf5 45.
Rf8+ Rf6 46. Rh8 cxd4+ 47. cxd4 h6 48. h3 Ke6 49. Rd8 Ke7 50. Rb8 Kd6 51. Rxb6+
Ke7 52. Rb7+ Ke6 53. Rh7 Kd5 54. Rd7+ Rd6 55. Ra7 Re6+ 56. Kd3 Rd6 57. Ra5+ Ke6
58. Ke4 Kf6 59. d5 h5 60. Ra8 Rb6 61. Rf8+ Kg7 62. Rc8 Rb1 63. Kf5 g4 64. h4 g3
65. Rc7+ Kh6 66. Rc6+ Kh7 67. Rc2 Rf1+ 68. Kg5 Rf2 69. Rc7+ Kg8 70. Rc3 g2 71.
Rg3 Kf7 72. Kxh5 Rf5+ 73. Kh6 Rxd5 74. Rxg2 Rf5 75. h5 Kf6 76. Rg8 Kf7 77. Rg6
Rf6 78. Kh7 Rf5 79. h6 Kf8 80. Rb6 Rg5 81. Rf6+ Ke7 82. Rg6 Rf5 83. Rg7+ Rf7
84. Kg8 1-0

[Event "ch-city"]
[Site "Milanowek"]
[Date "2013.06.30"]
[Round "7.3"]
[White "Szefer, Michal"]
[Black "Liberadzki, Slawomir"]
[Result "0-1"]
[WhiteElo "1992"]
[BlackElo "2078"]
[Annotator "Admin"]
[PlyCount "140"]
[EventDate "2013.??.??"]
[EventType "swiss"]
[EventCountry "POL"]

1. e4 c5 2. Nf3 e6 3. d4 cxd4 4. Nxd4 Nc6 5. Nc3 Qc7 6. Be3 a6 7. Be2 Nf6 8.
O-O Bb4 9. Na4 Be7 10. Nxc6 bxc6 11. Nb6 Rb8 12. Nxc8 Qxc8 13. e5 Nd5 14. Bc1
Qc7 15. c4 Nb6 16. Qd4 O-O 17. Qg4 Qxe5 18. Bf4 Qxb2 19. Bxb8 Rxb8 20. Qg3 Ra8
21. Bd3 Bc5 22. Rab1 Qf6 23. Qc7 Qd8 24. Qe5 Qe7 25. Rb3 g6 26. Rfb1 d6 27. Qc3
Nd7 28. Rb7 Qd8 29. R1b3 Ne5 30. Qb2 Qf6 31. g3 Nf3+ 32. Kh1 Nd4 33. Rb8+ Rxb8
34. Rxb8+ Kg7 35. Be4 Qe5 36. Qb1 d5 37. cxd5 cxd5 38. Bg2 Nb5 39. Ra8 Qe2 40.
Rxa6 Qxf2 41. Qf1 Qe3 42. Rc6 Bd4 $11 43. a4 Nc3 44. Rc7 Bf6 45. a5 Ne4 46.
Bxe4 Qxe4+ 47. Qg2 Qe1+ 48. Qg1 Qxa5 49. Ra7 Qb4 50. Ra2 Qe4+ 51. Rg2 Bc3 52.
h4 Qe1 53. Qxe1 Bxe1 54. Rg1 Bf2 55. Rg2 Be3 56. Re2 d4 57. Kg2 f5 58. Kf3 e5
59. Rg2 e4+ 60. Ke2 h5 61. Kd1 d3 62. Rb2 Bd4 63. Rb7+ Kf6 64. Ke1 Bc3+ 65. Kf2
Bd4+ 66. Ke1 Ke5 67. Re7+ Kd6 68. Re8 e3 69. Kd1 e2+ 70. Kd2 Bf2 0-1

[Event "ch-city"]
[Site "Milanowek"]
[Date "2013.06.30"]
[Round "7.4"]
[White "Sujkowski, Pawel"]
[Black "Lasota, Adam"]
[Result "1/2-1/2"]
[WhiteElo "1957"]
[BlackElo "1893"]
[PlyCount "53"]
[EventDate "2013.??.??"]
[EventType "swiss"]
[EventCountry "POL"]

1. e4 c5 2. Nf3 e6 3. d4 cxd4 4. Nxd4 Nc6 5. Nc3 Qc7 6. g3 a6 7. Bg2 d6 8. O-O
Bd7 9. Re1 Be7 10. Nxc6 Bxc6 11. Qd4 Bf6 12. Qc4 Bxc3 13. Qxc3 e5 14. b3 Nf6
15. Ba3 O-O 16. Rad1 Rfd8 17. Rd3 b5 18. Qd2 Qb7 19. Rxd6 Rxd6 20. Qxd6 Nxe4
21. Qxe5 Nf6 22. Bxc6 Qxc6 23. Qc5 Qxc5 24. Bxc5 Rc8 25. Rd1 h6 26. b4 Ne4 27.
Rd3 1/2-1/2

[Event "ch-city"]
[Site "Milanowek"]
[Date "2013.06.30"]
[Round "7.5"]
[White "Praczukowski, Stanislaw"]
[Black "Kasperkiewicz, Pawel"]
[Result "1-0"]
[WhiteElo "1838"]
[BlackElo "2103"]
[PlyCount "79"]
[EventDate "2013.??.??"]
[EventType "swiss"]
[EventCountry "POL"]

1. d4 Nf6 2. c4 g6 3. g3 Bg7 4. Bg2 O-O 5. Nc3 c6 6. Nf3 d6 7. O-O Bf5 8. Ne1
e5 9. d5 cxd5 10. cxd5 a5 11. h3 Na6 12. e4 Bd7 13. Nc2 Nc5 14. Be3 Ne8 15. a4
b6 16. Na3 f5 17. exf5 gxf5 18. f4 Rc8 19. Ncb5 exf4 20. Bxf4 Bxb2 21. Ra2 Be5
22. Bxe5 dxe5 23. d6 Qg5 24. Nc4 Nf6 25. Nxb6 Be6 26. Nxc8 Bxa2 27. Ne7+ Kh8
28. Qc2 Qe3+ 29. Qf2 Qxf2+ 30. Rxf2 Be6 31. Rc2 Nce4 32. Rc7 Nxg3 33. Ra7 Ne2+
34. Kf2 Nf4 35. Rxa5 Nxg2 36. Kxg2 Rd8 37. Kg1 Bd7 38. Ra7 Bxb5 39. axb5 Rxd6
40. Ra8+ 1-0

[Event "ch-city"]
[Site "Milanowek"]
[Date "2013.06.30"]
[Round "7.6"]
[White "Zbrzeski, Piotr"]
[Black "Herman, Monika"]
[Result "1/2-1/2"]
[WhiteElo "1786"]
[BlackElo "1665"]
[Annotator "Admin"]
[PlyCount "79"]
[EventDate "2013.??.??"]
[EventType "swiss"]
[EventCountry "POL"]

1. d4 Nf6 2. Bf4 e6 3. Nf3 d5 4. e3 Bd6 5. Bg5 h6 6. Bh4 c6 7. Bd3 Nbd7 8. O-O
Qc7 9. Nbd2 g5 10. Bg3 Bxg3 11. hxg3 g4 12. Nh4 e5 13. Bf5 h5 14. c4 e4 15.
cxd5 cxd5 16. Qb3 Nb6 17. Rac1 Qd8 18. Qb5+ Bd7 19. Bxd7+ Qxd7 20. Nf5 Qxb5 21.
Nd6+ Kd7 22. Nxb5 Rhc8 23. b3 a6 24. Nc3 Rc6 25. Ne2 Rac8 26. Rxc6 Rxc6 27. Rc1
Rxc1+ 28. Nxc1 Kc6 29. Kf1 a5 30. Ke2 a4 31. Kd1 Kb5 32. Kc2 axb3+ 33. axb3 Nc8
34. Ne2 Nd6 35. Nf4 Nf5 36. Nb1 h4 37. Nc3+ Kc6 38. gxh4 Nxh4 39. g3 Nf3 40.
Kd1 $11 1/2-1/2

[Event "ch-city"]
[Site "Milanowek"]
[Date "2013.06.30"]
[Round "7.7"]
[White "Tomczyk, Ryszard"]
[Black "Kowalczyk, Waldemar"]
[Result "0-1"]
[WhiteElo "1488"]
[BlackElo "1760"]
[PlyCount "158"]
[EventDate "2013.??.??"]
[EventType "swiss"]
[EventCountry "POL"]

1. e4 e6 2. d4 d5 3. Nd2 Nf6 4. f3 c5 5. e5 Nfd7 6. Nb3 cxd4 7. f4 Nc6 8. Nf3
Bb4+ 9. Bd2 Be7 10. Nfxd4 Nxd4 11. Nxd4 Qb6 12. Bc3 a6 13. b3 Nb8 14. Qd2 Nc6
15. Nxc6 bxc6 16. Bd4 c5 17. Bf2 Bb7 18. Bd3 g6 19. O-O Qc7 20. c3 O-O 21. Bg3
Rfd8 22. Qe2 Rdc8 23. c4 dxc4 24. Bxc4 Rd8 25. Rad1 a5 26. a4 Rxd1 27. Rxd1 Rd8
28. Rd2 Rd4 29. Qd1 Qc6 30. Qc2 Kg7 31. Qd1 Qxg2+ 32. Rxg2 Rxd1+ 33. Bf1 Bxg2
34. Kxg2 c4 35. Bxc4 Bb4 36. Kh3 h6 37. Kg2 Be1 38. Kf3 Bxg3 39. hxg3 Kf8 40.
Ke2 Rd8 41. Ke3 Ke7 42. Ke4 Kd7 43. Kd3 Kc6+ 44. Ke2 Kc5 45. Ke3 h5 46. Bb5 Rh8
47. Ke4 Kb4 48. Bc4 h4 49. gxh4 Rxh4 50. Kf3 Kc3 51. Kg3 Rh5 52. Kg4 Kd4 53.
Bb5 Ke3 54. Be8 Rf5 55. Bc6 Rxf4+ 56. Kg3 Rf5 57. Be8 Kd4 58. Kg4 Kxe5 59. Kg3
Kd6 60. Kg4 e5 61. Bb5 e4 62. Kg3 Ke5 63. Bc4 Kd4 64. Kg2 Ke3 65. Kg1 Rg5+ 66.
Kf1 f5 67. b4 axb4 68. a5 f4 69. a6 Ra5 70. Kg2 b3 71. Bxb3 Rxa6 72. Bc4 Ra5
73. Bf7 f3+ 74. Kg3 f2 75. Bc4 Rg5+ 76. Kh2 Kf3 77. Bf1 Rh5+ 78. Bh3 Rxh3+ 79.
Kxh3 f1=Q+ 0-1

[Event "ch-city"]
[Site "Milanowek"]
[Date "2013.06.30"]
[Round "7.8"]
[White "Borowski, Marek"]
[Black "Wierzgala, Krzysztof"]
[Result "1-0"]
[WhiteElo "1506"]
[BlackElo "1756"]
[PlyCount "71"]
[EventDate "2013.??.??"]
[EventType "swiss"]
[EventCountry "POL"]

1. d4 Nf6 2. c4 d5 3. cxd5 Nxd5 4. e4 Nb6 5. Nc3 e6 6. a3 c5 7. Nf3 Nc6 8. Bb5
Bd7 9. d5 exd5 10. exd5 Qe7+ 11. Be3 Ne5 12. O-O Nxf3+ 13. Qxf3 Bxb5 14. Nxb5
f6 15. Rfe1 Kf7 16. d6 Qd7 17. Nc7 Bxd6 18. Nxa8 Rxa8 19. Rad1 Re8 20. g3 Qc7
21. Rc1 Qd7 22. Rcd1 Kf8 23. Kg2 Qc7 24. Rc1 Nd7 25. Red1 Ne5 26. Qd5 Rd8 27.
Bxc5 Nf7 28. Bxd6+ Qxd6 29. Qxd6+ Rxd6 30. Rxd6 Nxd6 31. Rc7 a6 32. Rd7 Nc4 33.
Rxb7 h6 34. Rb4 Ne5 35. Ra4 Nd3 36. b4 1-0

[Event "ch-city"]
[Site "Milanowek"]
[Date "2013.06.30"]
[Round "7.13"]
[White "Kanach, Jerzy"]
[Black "Kucharski, Jacek"]
[Result "1/2-1/2"]
[WhiteElo "1490"]
[BlackElo "1371"]
[PlyCount "77"]
[EventDate "2013.??.??"]
[EventType "swiss"]
[EventCountry "POL"]

1. e4 c6 2. Nf3 d5 3. Nc3 Bg4 4. Be2 e6 5. d4 Bb4 6. Ne5 Bxe2 7. Qxe2 Nd7 8.
Nd3 Bxc3+ 9. bxc3 Ne7 10. e5 Qc7 11. Ba3 Nb6 12. Bd6 Qd7 13. O-O Nc4 14. Nc5
Qc8 15. Bxe7 Kxe7 16. Nd3 Qc7 17. f4 g6 18. Rab1 b5 19. Rf3 a5 20. g4 h5 21.
Rh3 Rag8 22. Kh1 hxg4 23. Qxg4 Nd2 24. Re1 Ne4 25. Rxe4 dxe4 26. Nc5 Rxh3 27.
Qxh3 Qc8 28. Qh4+ Kf8 29. Nxe4 c5 30. Nd6 Qc6+ 31. Kg1 Qf3 32. Qd8+ Kg7 33.
Qf6+ Kh7 34. Nxf7 Qd1+ 35. Kf2 Qxc2+ 36. Kg1 cxd4 37. Qh4+ Kg7 38. Qf6+ Kh7 39.
Qh4+ 1/2-1/2

[Event "ch-city"]
[Site "Milanowek"]
[Date "2013.07.01"]
[Round "8.1"]
[White "Wojtaszewski, Piotr"]
[Black "Strzemiecki, Zbigniew"]
[Result "0-1"]
[WhiteElo "2018"]
[BlackElo "2431"]
[PlyCount "86"]
[EventDate "2013.??.??"]
[EventType "swiss"]
[EventCountry "POL"]

1. c4 e5 2. Nc3 Nf6 3. g3 Bb4 4. Bg2 O-O 5. e3 Bxc3 6. bxc3 d6 7. d4 e4 8. Ne2
Be6 9. Qb3 Nbd7 10. Nf4 Bf5 11. a4 g5 12. Nd5 Rb8 13. Nxf6+ Qxf6 14. h4 h6 15.
a5 Rfe8 16. Qd1 Kg7 17. Qe2 Qe6 18. Rb1 Bg4 19. f3 exf3 20. Bxf3 Bxf3 21. Qxf3
Qe4 22. Qxe4 Rxe4 23. hxg5 hxg5 24. Ke2 b6 25. axb6 axb6 26. Ra1 Nf6 27. Bd2
Rbe8 28. Rhf1 R4e7 29. Kd3 Ne4 30. Rf3 Rh8 31. Raf1 Rh2 32. Be1 Kg6 33. c5 dxc5
34. dxc5 Nxc5+ 35. Kc4 Ne4 36. Kd5 Rh8 37. Kc6 Rd8 38. c4 Rd6+ 39. Kb5 Rde6 40.
Bb4 c5 41. Be1 Ra7 42. g4 Ra1 43. Rf5 Nd6+ 0-1

[Event "ch-city"]
[Site "Milanowek"]
[Date "2013.07.01"]
[Round "8.2"]
[White "Jakovljev, Zoran"]
[Black "Liberadzki, Slawomir"]
[Result "1/2-1/2"]
[WhiteElo "2280"]
[BlackElo "2078"]
[PlyCount "207"]
[EventDate "2013.??.??"]
[EventType "swiss"]
[EventCountry "POL"]

1. e4 c5 2. Nf3 e6 3. d3 Nc6 4. g3 g6 5. d4 Bg7 6. dxc5 Nf6 7. Bd3 Qa5+ 8. c3
Qxc5 9. O-O d5 10. Be3 Qa5 11. Nbd2 O-O 12. Nb3 Qc7 13. exd5 Nxd5 14. Bg5 b6
15. Qe2 Bb7 16. Ba6 h6 17. Bxb7 Qxb7 18. Bd2 Rad8 19. h4 Nf6 20. Rad1 Rd7 21.
Be3 Rfd8 22. Rxd7 Qxd7 23. Nbd4 Ng4 24. Nxc6 Qxc6 25. Bc1 Qd5 26. a3 h5 27. Re1
Qd3 28. Qxd3 Rxd3 29. Kg2 Bf8 30. Ng5 Bg7 31. Nf3 Bf8 32. Be3 Nxe3+ 33. fxe3
Bh6 34. Kf2 Kf8 35. Re2 Ke7 36. Ne5 Rd6 37. a4 Bg7 38. Nf3 Rd1 39. Re1 Rxe1 40.
Kxe1 Kd6 41. Kd2 Be5 42. Ng5 f6 43. Ne4+ Ke7 44. Kd3 f5 45. Ng5 Bxg3 46. Nf3 e5
47. e4 Kd6 48. b4 Bf2 49. c4 a5 50. c5+ bxc5 51. bxa5 c4+ 52. Kxc4 fxe4 53. Ng5
e3 54. Ne4+ Kc6 55. Kd3 Bxh4 56. Kxe3 Bd8 57. a6 Kb6 58. Nc5 Be7 59. Nd7+ Kxa6
60. Nxe5 g5 61. Nf7 g4 62. Ne5 Bg5+ 63. Kf2 Bf4 64. Nd3 Bd6 65. Kg2 Ka5 66. Nb2
Bc7 67. Nd3 Kxa4 68. Nc5+ Kb5 69. Ne6 Be5 70. Ng5 Kc4 71. Nh3 Kd4 72. Ng1 Ke4
73. Nh3 Bd4 74. Ng5+ Kf5 75. Nf3 Bb6 76. Kg3 Bc7+ 77. Kg2 Ke4 78. Ng5+ Ke3 79.
Nh3 Bd8 80. Nf2 Bh4 81. Nh3 Ke4 82. Ng1 Be1 83. Nh3 h4 84. Ng5+ Kf5 85. Nh3 Bg3
86. Kh1 Ke4 87. Kg2 Ke3 88. Ng5 Be1 89. Nh3 Ke4 90. Ng5+ Kf4 91. Nh3+ Kf5 92.
Ng1 Bg3 93. Nh3 Bc7 94. Ng1 Kg5 95. Nh3+ Kh5 96. Ng1 Bb6 97. Nh3 g3 98. Kf3 Ba7
99. Nf4+ Kg5 100. Ne2 Bb8 101. Ng1 Kf5 102. Ne2 Ba7 103. Nxg3+ hxg3 104. Kxg3
1/2-1/2

[Event "ch-city"]
[Site "Milanowek"]
[Date "2013.07.01"]
[Round "8.3"]
[White "Sujkowski, Pawel"]
[Black "Praczukowski, Stanislaw"]
[Result "1/2-1/2"]
[WhiteElo "1957"]
[BlackElo "1838"]
[Annotator "Admin"]
[PlyCount "49"]
[EventDate "2013.??.??"]
[EventType "swiss"]
[EventCountry "POL"]

1. e4 c6 2. d4 d5 3. e5 Bf5 4. Nd2 e6 5. Nb3 Nd7 6. Be3 Bg6 7. f4 Ne7 8. Nf3
Nf5 9. Bf2 h5 10. g3 Be7 11. Be2 Rc8 12. O-O c5 13. c3 c4 $11 14. Nbd2 b5 15.
a3 Nb6 16. h3 h4 17. g4 Ng3 18. Bxg3 hxg3 19. Kg2 Be4 20. Kxg3 g5 21. Ng1 $11
gxf4+ 22. Rxf4 Bg5 23. Rxe4 Bxd2 24. Qxd2 dxe4 25. Qf4 1/2-1/2